000 00361nam a2200145Ia 4500
008 230917s9999||||xx |||||||||||||| ||und||
040 _e145930
_aMAIN
041 _aEnglish
082 _a153.7 P22P
100 _aPark, Desiree
245 0 _aPerson: theories and pereptions
260 _aThe Hague
_bMartinus Nijhoff
_c1973
300 _a131p p.
942 _cBK
999 _c210358
_d210358